O livro da selva (Registo nº 6071)
[ vista simples ]
| 000 -Etiqueta do registo | |
|---|---|
| Valores | 00770cam a2200253 04500 |
| 010 ## - Número ISBN | |
| ISBN | 972750051X |
| 021 ## - Número do Depósito Legal | |
| Número | 90912/95 |
| 100 ## - Dados gerais de processamento | |
| Dados gerais | 20211231d1995 c||y0pory5003 ba |
| 200 1# - Titulo e menção de responsabilidade | |
| Título próprio | O livro da selva |
| Primeira menção de responsabilidade | Disney |
| Outras menções de responsabilidade | trad. e adapt. Ana Maria Guedes, Rui Guedes |
| 210 #9 - Publicação | |
| Local de publicação | Cabra Figa, Rio de Mouro |
| Nome do editor | Everest, |
| Data de publicação | D.L. 1995 |
| 215 ## - Descrição física | |
| Paginação / Volumes | [48] p. |
| Outras indicações físicas | il. |
| Dimensões | 28 cm |
| 225 2# - Colecção | |
| Título próprio da colecção | Nova Antologia Disney |
| 606 ## - Nome comum usado como assunto | |
| ID Autoridade | 14 |
| Palavra de ordem | Literatura infantil |
| 606 ## - Nome comum usado como assunto | |
| ID Autoridade | 13 |
| Palavra de ordem | Literatura Estrangeira |
| 675 ## - CDU | |
| Notação | 82-93 |
| Edição | BN |
| Língua | por |
| 675 ## - CDU | |
| Notação | 821.1/.8 |
| Edição | BN |
| Língua | por |
| 700 ## - Autor principal (pessoa individual) | |
| Apelido | Disney |
| Nome | Walt |
| Datas | 1901-1966 |
| ID Autoridade | 4625 |
| 702 ## - Autor secundário (pessoa individual) | |
| Apelido | Guedes |
| Nome | Ana Maria |
| Datas | 1954- |
| ID Autoridade | 3264 |
| 702 ## - Autor secundário (pessoa individual) | |
| Apelido | Guedes |
| Nome | Rui |
| Datas | 1946-2001 |
| ID Autoridade | 3265 |
| 801 #0 - Fonte de origem | |
| País | PT |
| Agência | BMVN |
| Regras de catalogação | RPC |
| 830 ## - Notas gerais do catalogador | |
| Criado por | Ana Caetano |
| Data de criação | 31/12/2021 |
| 990 ## - Elementos KOHA | |
| Tipo de documento | Livro |
| Situação do levantamento | Biblioteca de origem | Código de barras | Cota | Permissão de empréstimo | Tipo de documento | Forma de aquisição |
|---|---|---|---|---|---|---|
| Biblioteca Municipal de Vendas Novas | 100000018135 | LI EST/LIV | Livro |